000 00289nam a22001337a 4500
008 170419b xxu||||| |||| 00| 0 eng d
020 _a9780195158953
041 _aeng
080 _a573
100 _a11
101 _aSHM
245 _aNEW SCIENCE WORK
_cJENKINS.S.H
942 _2udc
_cBK
999 _c11295
_d11295